Nyky-Japanin keisarit - Statistics

Yleistilastot
  • Tätä visaa on pelattu 19 kertaa
  • Keskiarvotulos 3 / 5
Vastaustilastot
Vuodet Keisari % Oikein
1926-1989 Hirohito
100%
2019- Naruhito
65%
1989-2019 Akihito
59%
1867-1912 Mutsuhito
41%
1912-1926 Yoshihito
29%
Ehtoja vastaavia visoja ei löytynyt
Tulosjakauma
Jokaisen tuloksen saaneiden osuus
Persentiili vastausten määrän mukaan
Tuloshistoriasi
Et ole pelannut tätä visaa